| 000 | 00497nam a2200181 4500 | ||
|---|---|---|---|
| 003 | SEACOMEC | ||
| 005 | 20240219152022.0 | ||
| 008 | 240219b |||||||| |||| 00| 0 eng d | ||
| 020 | _cRs.122.00 | ||
| 040 | _aSEACOMEC | ||
| 082 |
_a428.2 _bB219 |
||
| 100 | _aBansal,R.K. | ||
| 245 | 1 |
_aSpoken english: a manual of speech and phonetics _cR.K. Bansal,J.B.Harrison |
|
| 260 |
_aMumbai _bOrient Longman _c1994 |
||
| 650 | _aLanguage,Standard English usage | ||
| 700 | _aHarrison,J.B. | ||
| 942 | _cBOOK | ||
| 999 |
_c660 _d660 |
||